000 00559cam a2200229ua 4500
001 10461
005 20260515114626.0
008 191004n ii |||gr||||Z||||||asm
020 _a9789381784822
040 _cMAIN
041 _aasm
082 _a301
100 _aJyoti Prasad Saikia,
_eAuthor.
245 _aChikitchya samajtattwa
250 _a2nd rev. ed.
260 _aJorhat:
_bBidya bhawan,
_c2015.
300 _a278p.
653 _aSociology & anthropology
653 _aMedical sociology
700 _aJahnabi Phukan,
_eAuthor.
942 _cBK
999 _c9437
_d9437